| 000 | 01251nam a2200301Ia 4500 | ||
|---|---|---|---|
| 003 | OSt | ||
| 005 | 20260309134010.0 | ||
| 008 | 191128t2012 ck er 000 f spa d | ||
| 020 | _a9789584220721 | ||
| 040 |
_aCO-JMCR _cCO-JMCR _dCO-JMCR _erda |
||
| 041 | _aspa | ||
| 082 | 0 | 4 |
_bA-N _2LARc |
| 100 | 1 |
_aLarsson, Stieg _eautor _97548 |
|
| 245 | 1 | 3 |
_aLa chica que soñaba con una cerilla y un bidón de gasolina / _cStieg Larsson ; traducción de Martin Lexell, Juan José Ortega Román |
| 246 | _aFlickan som lekte med elden | ||
| 250 | _aNovena edición | ||
| 260 |
_aBogotá : _bPlaneta, _c2012 |
||
| 300 |
_a749 páginas ; _c23 cm. |
||
| 490 | _a Millennium | ||
| 500 | _aIncluye biografía del autor en solapa | ||
| 520 | _aLisbeth Salander se ha tomado un tiempo: necesita apartarse del foco de atención y salir de Estocolmo. Trata de seguir una férrea diciplina y no contestar a las llamadas ni alos mensajes de Mickael, que no entiende por ha desaparecido. | ||
| 650 | 1 | 4 |
_aMujeres en la literatura _96298 |
| 650 | 1 | 4 |
_2JMCR _aDesaparición _vLiteratura _943498 |
| 650 | 1 | 4 |
_2JMCR _aNovela policiaca _9214 |
| 700 |
_aLexell, Martín _etraductor _97543 |
||
| 700 |
_aOrtega Román, Juan José _etraductor _943294 |
||
| 942 |
_2ddc _cBK |
||
| 999 |
_c3251 _d3251 |
||